书目信息 |
| 题名: |
石油化工裂解原理与技术
|
|
| 作者: | 邹仁〓 编著 | |
| 分册: | ||
| 出版信息: | 北京 化学工业出版社 1981 |
|
| 页数: | 391页 | |
| 开本: | 25cm | |
| 丛书名: | ||
| 单 册: | ||
| 中图分类: | TE624.3 , TE31 | |
| 科图分类: | ||
| 主题词: | 石油炼制-裂解 , 裂解-石油炼制 , 油田开发--理论 , 气田开发--理论 , 石油开采--理论 , 天然气开采--理论 | |
| 电子资源: | ||
| ISBN: | ||
| 000 | 00826nam0 2200313 45 | |
| 001 | 0181000707 | |
| 005 | 20040521110358.5 | |
| 010 | @dCNY2.80 | |
| 091 | @a15063.3255 | |
| 100 | @a19950312d1981 em y0chiy0121 ea | |
| 101 | 0 | @achi |
| 102 | @aCN@b110000 | |
| 105 | @ay z 000yy | |
| 106 | @ar | |
| 200 | 10 | @a石油化工裂解原理与技术@Ashi you hua gong lie jie yuan li yu ji shu@f邹仁〓编著 |
| 210 | @a北京@c化学工业出版社@d1981 | |
| 215 | @a391页@d25cm | |
| 606 | @a石油炼制-裂解 | |
| 606 | @a裂解-石油炼制 | |
| 606 | 0 | @a油田开发@x理论 |
| 606 | 0 | @a气田开发@x理论 |
| 606 | 0 | @a石油开采@x理论 |
| 606 | 0 | @a天然气开采@x理论 |
| 690 | @aTE624.3@v3 | |
| 690 | @aTE31 | |
| 701 | 0 | @a邹仁〓@Azou ren〓@4编著 |
| 801 | 0 | @aCN@b上海图书馆@c20040521 |
| 801 | 2 | @aCN@bNLC@c20040521 |
| 905 | @f1@b56135@dTE31@e1 | |
| 石油化工裂解原理与技术/邹仁〓编著.-北京:化学工业出版社,1981 |
| 391页;25cm |
| ISBN :CNY2.80 |
| ● |
| 相关链接 |
|
|
|
|
正题名:石油化工裂解原理与技术
索取号:TE31/1
 
预约/预借
| 序号 | 登录号 | 条形码 | 馆藏地/架位号 | 状态 | 备注 |
| 1 | 0056135 | 001362723 | 第三借阅区/ [索取号:TE31/1] | 在馆 |